Формування соціокультурної компетенції у старших класах ЗОШ у позакласний час (Запис № 283929)

МАРК-запис
000 -LEADER
fixed length control field 02139nam a22001577a 4500
041 ## - LANGUAGE CODE
Language code of text/sound track or separate title ukr
080 ## - UNIVERSAL DECIMAL CLASSIFICATION NUMBER
Universal Decimal Classification number 09
090 ## - LOCALLY ASSIGNED LC-TYPE CALL NUMBER (OCLC); LOCAL CALL NUMBER (OCLC)
Local cutter number (OCLC) ; Book number/undivided call number, CALL (RLIN) БОБ
100 ## - MAIN ENTRY--PERSONAL NAME
Personal name Боб Л. І.
245 ## - TITLE STATEMENT
Title Формування соціокультурної компетенції у старших класах ЗОШ у позакласний час
260 ## - PUBLICATION, DISTRIBUTION, ETC. (IMPRINT)
Place of publication, distribution, etc Острог
Name of publisher, distributor, etc КАФ
Date of publication, distribution, etc 2007
300 ## - PHYSICAL DESCRIPTION
Extent 77
520 ## - SUMMARY, ETC.
Summary, etc Вступ<br/>Розділ 1. Психологодидактичні аспекти формування соціокультурної компетенції .<br/>1.1. Зміст соціокультурної компетенції.<br/>1.2. Вимоги до формування соціокультурної компетенції у старших класах ЗОШ.<br/>1.3. Шляхи подолання негативних етнокультурних стереотипів у процесі формування соціолінгвістичної компетенції в учнів.<br/>1.4. Іноземний досвід структурування соціокультурної компоненту змісту навчання іноземної мови.<br/> Висновки до розділу 1.<br/>Розділ 2. Методика формування соціокультурної компетенції у старших класах у позакласний час.<br/>2.1. Психолого-педагогічні аспекти позакласної роботи з іноземної мови.<br/>2.2. Методи навчання між культурної комунікації у процесі викладання іноземної мови.<br/>2.3. Прийоми ознайомлення з соціокультурною інформацією учнів.<br/>2.4. Формування соціокультурної компетенції на основі методу проектів у позакласний час.<br/>Висновки до розділу 2.<br/>Загальні висновки.
-- соціокультурна компетенція, позакласний час
650 ## - SUBJECT ADDED ENTRY--TOPICAL TERM
Topical term or geographic name as entry element Research Papers
942 ## - ADDED ENTRY ELEMENTS (KOHA)
Koha item type Книги
Фонди
Withdrawn status Lost status Source of classification or shelving scheme Damaged status Not for loan Home library Current library Date acquired Source of acquisition Cost, normal purchase price Total Checkouts Full call number Barcode Date last seen Price effective from Koha item type
    Universal Decimal Classification     ВІЛ - Відділ іноземн. літератури НБ ВІЛ - Відділ іноземн. літератури НБ 16/04/2009 Акт №1 1.00   09 213581 20/12/2021 16/04/2009 Книги